Design And Development of Pyrotechnic Delay Detonator and Study of Various Parameters Affecting Burning Rate of Pyrotecnic Delay Compositions (Record no. 561111)

000 -LEADER
fixed length control field 00472nam a2200133Ia 4500
005 - DATE AND TIME OF LATEST TRANSACTION
control field 20210429153914.0
008 - FIXED-LENGTH DATA ELEMENTS--GENERAL INFORMATION
fixed length control field 210429s9999 xx 000 0 und d
082 ## - DEWEY DECIMAL CLASSIFICATION NUMBER
Classification number CHM-MS AK/AQ 2011
100 ## - MAIN ENTRY--PERSONAL NAME
Personal name Azizullah Khan
9 (RLIN) 54767
245 ## - TITLE STATEMENT
Title Design And Development of Pyrotechnic Delay Detonator and Study of Various Parameters Affecting Burning Rate of Pyrotecnic Delay Compositions
260 ## - PUBLICATION, DISTRIBUTION, ETC.
Place of publication, distribution, etc. NUST (SCME)
Name of publisher, distributor, etc. Dr. Abdul Qadeer Malik
Date of publication, distribution, etc. 2011
300 ## - PHYSICAL DESCRIPTION
Extent p69
942 ## - ADDED ENTRY ELEMENTS (KOHA)
Source of classification or shelving scheme
Koha item type Reference
Holdings
Withdrawn status Lost status Damaged status Not for loan Permanent Location Current Location Date acquired Total Checkouts Full call number Barcode Date last seen Price effective from Koha item type
        School of Chemical & Materials Engineering (SCME) School of Chemical & Materials Engineering (SCME) 10/13/7   CHM-MS AK/AQ 2011 SCME-T0057 04/29/2021 04/29/2021 Reference
© 2023 Central Library, National University of Sciences and Technology. All Rights Reserved.